| 000 | 00577nam a2200205Ia 4500 | ||
|---|---|---|---|
| 008 | 131103s9999 xx 000 0 und d | ||
| 020 | _aSBN 436098652 | ||
| 040 | _aLoreto College | ||
| 041 | _aEnglish | ||
| 082 |
_a791.4/NEW/791.4/GRA _bLCLIB/17986 |
||
| 245 | 4 |
_aThe new wave _b critical landmark _cselected by Peter Graham |
|
| 260 |
_aLondon _bSecker & Warburg _c1968 |
||
| 300 |
_a184 p. _b ill. _c 19 cm. |
||
| 504 | _aIncludes bibliographical references | ||
| 650 | _aFilm | ||
| 651 | _aMotion Picture | ||
| 700 | _aGraham,Peter | ||
| 850 | _aLCLIB | ||
| 942 | _cBK | ||
| 999 |
_c7208 _d57687 |
||